000 00563nam a2200181Ia 4500
003 IN-BaIIA
008 211028s9999 xx 000 0 eng d
040 _cIIA Library
080 _a047.1:535:33
_bAIS-2
245 0 _aAdvances in Spectroscopy
_bvol. 2
_cedited by H.W. Thompson
260 _aNew York
_bInterscience Publishers
_c1961
300 _axi, 483p.
650 _aAstronomical Spectroscopy
_91729
650 _aNASA Thesaurus
650 _aSpectroscopy
_91535
700 _aThompson, H.W., ed.
_93838
942 _cBK
999 _c2031
_d2031